| 000 | 01124nam a22003377a 4500 | ||
|---|---|---|---|
| 003 | CHAP | ||
| 005 | 20220817040923.0 | ||
| 008 | 971013s1991 r 00010 d | ||
| 010 | _a2744 | ||
| 011 | _a3716 | ||
| 035 | _a2917 | ||
| 040 | _cCHAP | ||
| 090 | _aTesis | ||
| 100 | 0 | 0 |
_aRuiz Solís, José Francisco. _9100788 |
| 245 | _aPlanteamiento de los aspectos básicos para impulsar la producción de semillas mejoradas de maíz (Zea Mays L) en el estado de Yucatán | ||
| 260 |
_aChapingo, Méx. : _bEl autor, _c1991 |
||
| 300 | _a60 h | ||
| 500 | _aD47-36 | ||
| 502 | _aTesis (Ing. Agr. Esp. en Fitotecnia) -- UACH. Departamento de Fitotecnia | ||
| 590 |
_aALEPH _b10 _c20130110 _lUCH01 _h1213 |
||
| 590 |
_aBATCH-UPD _b10 _c20130110 _lUCH01 _h1433 |
||
| 590 |
_aBATCH-UPD _b10 _c20130410 _lUCH01 _h0909 |
||
| 590 |
_aBATCH-UPD _b10 _c20130914 _lUCH01 _h1747 |
||
| 590 |
_aCONVERSION _b10 _c20130109 _lUCH01 _h1303 |
||
| 650 | 1 | 4 |
_aMaíz _xSemilla. _971059 |
| 650 | 1 | 4 |
_aMaíz _xYucatán. _971086 |
| 650 | 1 | 4 |
_aSemillas _xMejoramiento. |
| 901 | _aBK | ||
| 942 | _cTESIS | ||
| 949 |
_bBC _cTES _d-12425 _eTS1 _h24498 _i2917 _si |
||
| 999 |
_c2744 _d2744 |
||